000 00773nam a22002177a 4500
999 _c13870
_d13870
003 AR-CdUCM
008 190416b ||||| |||| 00| 0 spa d
040 _aMUNICIPALIDAD PROVINCIAL DEL CUSCO
_cBIBLIOTECA MUNICIPAL DEL CUSCO
082 _a869.56 /
_bD75 / 1958
100 _aDiez Canseco Pereira, José
_9554
245 _aEstampas Mulatas /
260 _aLima :
_bLatinoamericana,
_c1958.
300 _a126 páginas ;
_c17 cm.
440 _aCuarto Festival de libros
_n2
_932467
505 _aContenido: El kilómetro 83 -- Jijuna -- Don Salustio Merino, notario -- El velorio -- "Gaina que come güebo" ...
650 _aSiglo XX
_98
650 _aCuentos Peruanos
_933
650 _aIV festival del libro
_932468
942 _2ddc
_cLIBROS
945 _acmm
_d2019-04-16